Statistics for Pokemon 1-494

Click here to take the quiz!

General Stats

  • This quiz has been taken 2,377 times
  • The average score is 172 of 493

Answer Stats

Hint Answer % Correct
1Bulbasaur
93%
2Ivysaur
91%
4Charmander
88%
6Charizard
86%
7Squirtle
85%
5Charmeleon
83%
9Blastoise
82%
25Pikachu
81%
8Wartortle
79%
151Mew
77%
150Mewtwo
76%
26Raichu
75%
16Pidgey
74%
12Butterfree
73%
18Pidgeot
73%
11Metapod
72%
10Caterpie
72%
15Beedrill
72%
13Weedle
70%
14Kakuna
70%
145Zapdos
68%
144Articuno
68%
146Moltres
67%
74Geodude
66%
133Eeve
65%
3Venusaur
64%
136Flareon
63%
172Pichu
62%
129Magikarp
62%
19Rattata
61%
76Golem
61%
93Haunter
61%
95Onix
61%
149Dragonite
61%
134Vaporeon
61%
135Jolteon
61%
94Gengar
60%
75Graveler
60%
92Gastly
60%
20Raticate
60%
148Dragonair
58%
258Mudkip
58%
147Dratini
58%
249Lugia
58%
23Ekans
58%
21Spearow
57%
255Torchic
57%
250Ho-Oh
57%
63Abra
57%
39Jigglypuff
57%
24Arbok
57%
65Alakazam
56%
64Kadabra
56%
197Umbreon
56%
155Cyndaquil
56%
22Fearow
56%
152Chikorita
56%
41Zubat
56%
126Magmar
56%
244Entei
56%
66Machop
55%
125Electabuzz
55%
383Groudon
54%
158Totodile
54%
143Snorlax
54%
42Golbat
54%
68Machamp
54%
124Jynx
53%
130Gyarados
53%
100Voltorb
53%
153Bayleef
53%
257Blaziken
53%
40Wigglytuff
53%
245Suicune
53%
196Espeon
53%
208Steelix
53%
67Machoke
53%
37Vulpix
52%
43Oddish
52%
252Treecko
52%
34Nidoking
52%
29Nidoran
52%
32Nidoran
52%
31Nidoqueen
52%
52Meowth
51%
101Electrode
51%
382Kyogre
51%
35Clefairy
51%
44Gloom
51%
157Typhlosion
51%
106Hitmonlee
50%
154Meganium
50%
59Arcanine
50%
393Piplup
50%
81Magnemite
50%
77Ponyta
50%
156Quilava
50%
243Raikou
50%
58Growlithe
50%
78Rapidash
50%
123Scyther
50%
251Celebi
49%
82Magneton
49%
36Clefable
49%
113Chansey
49%
30Nidorina
49%
33Nidorino
49%
470Leafeon
49%
51Dugtrio
49%
384Rayquaza
49%
390Chimchar
48%
118Goldeen
48%
122Mr. Mime
48%
107Hitmonchan
48%
50Diglett
48%
89Muk
48%
109Koffing
48%
45Vileplume
48%
260Swampert
48%
484Palkia
48%
239Elekid
47%
256Combusken
47%
254Sceptile
47%
131Lapras
47%
110Weezing
47%
121Starmie
47%
120Staryu
47%
483Dialga
47%
471Glaceon
47%
53Persian
47%
159Croconaw
46%
27Sandshrew
46%
69Bellsprout
46%
119Seaking
46%
169Crobat
45%
387Turtwig
45%
28Sandslash
45%
240Magby
45%
132Ditto
45%
88Grimer
45%
395Empoleon
44%
392Infernape
44%
140Kabuto
44%
116Horsea
44%
253Grovyle
44%
112Rhydon
44%
86Seel
44%
128Tauros
44%
259Marshtomp
44%
38Ninetales
43%
80Slowbro
43%
61Poliwhirl
43%
60Poliwag
43%
378Regice
43%
160Feraligatr
43%
79Slowpoke
43%
141Kabutops
43%
117Seadra
42%
377Regirock
42%
175Togepi
42%
70Weepinbell
42%
142Aerodactyl
42%
54Psyduck
42%
56Mankey
42%
493Arceus
42%
111Rhyhorn
42%
379Registeel
42%
389Torterra
42%
62Poliwrath
41%
55Golduck
41%
138Omanyte
41%
137Porygon
41%
73Tentacruel
41%
87Dewgong
41%
386Deoxys
41%
71Victreebel
40%
139Omastar
40%
72Tentacool
40%
491Darkrai
40%
174Igglybuff
40%
385Jirachi
40%
57Primeape
39%
487Giratina
39%
163Hoothoot
39%
381Latios
39%
380Latias
39%
127Pinsir
39%
98Krabby
38%
391Monferno
38%
97Hypno
38%
467Magmortar
38%
394Prinplup
38%
237Hitmontop
38%
199Slowking
37%
212Scizor
37%
173Cleffa
37%
248Tyranitar
37%
84Doduo
37%
48Venonat
37%
49Venomoth
37%
176Togetic
36%
242Blissey
36%
114Tangela
36%
265Wurmple
36%
388Grotle
36%
263Zigzagoon
36%
99Kingler
36%
230Kingdra
36%
91Cloyster
36%
115Kangaskhan
35%
268Cascoon
35%
246Larvitar
35%
164Noctowl
35%
486Regigigas
35%
108Lickitung
35%
373Salamence
34%
267Beautifly
34%
371Bagon
34%
229Houndoom
34%
247Pupitar
34%
104Cubone
34%
46Paras
34%
90Shellder
34%
85Dodrio
34%
280Ralts
33%
105Marowak
33%
446Munchlax
33%
480Uxie
33%
47Parasect
33%
396Starly
33%
83Farfetch'd
33%
266Silcoon
33%
492Shaymin
33%
448Lucario
33%
17Pidgeotto
33%
282Gardevoir
32%
398Staraptor
32%
482Azelf
32%
277Swellow
32%
261Poochyena
32%
262Mightyena
32%
179Mareep
32%
233Porygon2
32%
161Sentret
32%
466Electivire
32%
269Dustox
32%
462Magnezone
32%
238Smoochum
32%
468Togekiss
31%
264Linoone
31%
241Miltank
31%
182Bellossom
31%
228Houndour
31%
162Furret
31%
321Wailord
31%
397Staravia
31%
481Mesprit
31%
372Shelgon
30%
185Sudowoodo
30%
183Marill
30%
439Mime Jr.
30%
281Kirlia
30%
201Unown
30%
488Cresselia
30%
227Skarmory
30%
102Exeggcute
29%
276Taillow
29%
103Exeggutor
29%
474Porygon-Z
29%
181Ampharos
29%
490Manaphy
29%
330Flygon
29%
311Plusle
29%
214Heracross
29%
236Tyrogue
29%
320Wailmer
28%
399Bidoof
28%
186Politoed
28%
300Skitty
28%
485Heatran
28%
447Riolu
28%
445Garchomp
28%
312Minun
28%
349Feebas
28%
180Flaffy
28%
350Milotic
28%
278Wingull
28%
165Ledyba
27%
198Murkrow
27%
304Aron
27%
376Metagross
27%
328Trapinch
27%
440Happiny
27%
362Glalie
27%
361Snorunt
27%
279Pelipper
27%
306Aggron
26%
200Misdreavus
26%
443Gible
26%
221Piloswine
26%
220Swinub
26%
464Rhyperior
26%
270Lotad
26%
405Luxray
26%
218Slugma
26%
403Shinx
26%
489Phione
25%
315Roselia
25%
465Tangrowth
25%
374Beldum
25%
193Yanma
25%
375Metang
25%
309Electrike
25%
215Sneasel
25%
273Seedot
25%
400Bibarel
25%
272Ludicolo
25%
444Gabite
25%
166Ledian
25%
475Gallade
25%
167Spinarak
25%
168Ariados
25%
271Lombre
24%
178Xatu
24%
192Sunflora
24%
359Absol
24%
336Seviper
24%
171Lanturn
24%
407Roserade
24%
356Dusclops
24%
232Donphan
24%
355Duskull
24%
231Phanpy
24%
404Luxio
24%
329Vibrava
24%
473Mamoswine
23%
406Budew
23%
461Weavile
23%
184Azurill
23%
177Natu
23%
429Mismagius
23%
187Hoppip
23%
357Tropius
23%
217Ursaring
23%
203Girafarig
23%
216Teddiursa
23%
338Solrock
23%
337Lunatone
23%
289Slaking
23%
190Aipom
23%
202Wobbuffet
23%
299Nosepass
23%
298Azurill
23%
301Delcatty
23%
305Lairon
23%
334Altaria
22%
477Dusknoir
22%
478Froslass
22%
324Torkoal
22%
479Rotom
22%
275Shiftry
22%
323Camerupt
22%
189Jumpluff
22%
469Yanmega
22%
204Pineco
22%
219Magcargo
22%
226Mantine
22%
223Remoraid
22%
363Spheal
22%
438Bonsly
21%
191Sunkern
21%
194Wooper
21%
322Numel
21%
188Skiploom
21%
222Corsola
21%
296Makuhita
21%
224Octillery
21%
170Chinchou
21%
195Quagsire
21%
353Shuppet
21%
360Wynaut
21%
335Zangoose
21%
96Drowzee
21%
207Gligar
21%
331Cacnea
21%
333Swablu
21%
430Honchkrow
21%
297Hariyama
20%
345Lileep
20%
302Sableye
20%
354Banette
20%
287Slakoth
20%
351Castform
20%
285Shroomish
20%
419Floatzel
19%
288Vigoroth
19%
463Lickilicky
19%
235Smeargle
19%
205Forretress
19%
234Stantler
19%
213Shuckle
19%
225Delibird
19%
286Breloom
19%
418Buizel
19%
366Clamperl
19%
308Medicham
19%
347Anorith
19%
369Relicanth
19%
365Walrein
19%
294Loudred
19%
346Cradily
19%
364Sealeo
19%
209Snubbull
18%
327Spinda
18%
283Surskit
18%
307Meditite
18%
295Exploud
18%
476Probopass
18%
367Huntail
18%
432Purugly
18%
460Abomasnow
18%
293Whismur
18%
206Dunsparce
18%
412Burmy
18%
210Granbull
18%
348Armaldo
18%
415Combee
18%
291Ninjask
18%
370Luvdisc
18%
472Gliscor
18%
409Rampardos
18%
442Spiritomb
17%
458Mantyke
17%
310Manetric
17%
428Lopunny
17%
417Pachirisu
17%
410Shieldon
17%
408Cranidos
17%
290Nincada
17%
424Ambipom
17%
427Buneary
17%
431Glameow
17%
352Kecleon
17%
313Volbeat
17%
211Qwilfish
16%
368Gorebyss
16%
316Gulpin
16%
459Snover
16%
325Spoink
16%
318Carvanha
16%
358Chimecho
16%
303Mawile
16%
425Drifloon
16%
341Corphish
16%
416Vespiquen
16%
411Bastiodon
16%
414Mothim
15%
402Kricketune
15%
426Drifblim
15%
344Claydol
15%
401Kricketot
15%
413Wormadam
15%
441Chatot
15%
284Masquerain
15%
437Bronzong
15%
436Bronzor
15%
422Shellos
15%
342Crawdaunt
15%
314Illumise
15%
317Swalot
14%
343Baltoy
14%
423Gastrodon
14%
326Grumpig
14%
340Whiscash
14%
339Barboach
13%
449Hippopotas
13%
420Cherubi
13%
455Carnivine
13%
453Croagunk
13%
450Hippowdon
12%
274Nusleaf
12%
435Skuntank
12%
434Stunky
12%
292Shedninja
12%
452Drapion
12%
457Lumineon
12%
454Toxicroak
12%
421Cherrim
12%
456Finneon
12%
451Skorupi
11%
319Shapedo
9%
332Caturne
9%
433Chingling
8%

Score Distribution

Percentile by Number Answered

Percent of People with Each Score

Your Score History

You have not taken this quiz